000 00783nam a2200253Ia 4500
003 OSt
005 20221005073055.0
006 a|||||r|||| 00| 0
007 ta
008 221004b |||||||| |||| 00| 0 per d
020 _a8181720288 (hbk)
_c800
024 _a1017
037 _b5549, 21/03/2009, Modern Publishing House
_cTextual
040 _aCRL
_cCRL
_bper
041 _2per
_aper
082 _aO164,1L97x, P8.1-.2
100 _aAabidi Taqi Au.
_9607696
245 0 _aKulliyat-e-Ghalib farsi
260 _aNew Delhi
_bGhalib Institute India
_c2008
650 _a PERSIAN POETRY
650 _aGHALIB
_9177774
942 _hO164,1L97x, P8.1-.2
_cTEXL
_2cc
999 _c980499
_d980499